00341nam a22001337a 450000500170000000800410001704100130005808200140007110000250008524500370011026000090014730000260015665000250018220231106103025.0231106b |||||||| |||| 00| 0 eng d aEnglish  a346.5 WIL aBurdette, DlEnglish aWills and Estates / cD Burdette c1996 b116 pages ; c30 cm.  aLegal practice bLaw